[Event "OL 2013/14"]
[Site "?"]
[Date "2014.04.05"]
[Round "1.1"]
[White "Preis, Wolfgang"]
[Black "Staberhofer, Rainer"]
[Result "1/2-1/2"]
[WhiteElo "2135"]
[BlackElo "2053"]
[PlyCount "36"]
[EventDate "2014.04.05"]
[EventType "team"]
[EventRounds "9"]
[EventCountry "AUT"]
[SourceDate "2014.04.05"]
[WhiteTeam "Liezen X"]
[BlackTeam "Kindberg VII"]
[WhiteTeamCountry "AUT"]
[BlackTeamCountry "AUT"]

1. d4 d5 2. c4 e6 3. Nf3 Nf6 4. Nc3 Nbd7 5. Bf4 Bb4 6. e3 O-O 7. Bd3 dxc4 8.
Bxc4 Nb6 9. Bd3 Nbd5 10. Qc2 Nxf4 11. exf4 Qd6 12. g3 Qc6 13. Be2 b6 14. a3 Be7
15. Qa4 Qb7 16. O-O Bd7 17. Qa6 Qxa6 18. Bxa6 Rfd8 1/2-1/2

[Event "OL 2013/14"]
[Site "?"]
[Date "2014.04.05"]
[Round "1.2"]
[White "Kroeppel , Hans"]
[Black "Wallner, Dieter"]
[Result "0-1"]
[WhiteElo "1766"]
[BlackElo "2075"]
[PlyCount "88"]
[EventDate "2014.04.05"]
[EventType "team"]
[EventRounds "9"]
[EventCountry "AUT"]
[SourceDate "2014.04.05"]
[WhiteTeam "Kindberg VII"]
[BlackTeam "Liezen X"]
[WhiteTeamCountry "AUT"]
[BlackTeamCountry "AUT"]

1. e4 c5 2. c3 d6 3. d4 Nf6 4. Bd3 e5 5. d5 Be7 6. Ne2 O-O 7. c4 a6 8. f3 Nh5
9. O-O Bg5 10. f4 Nxf4 11. Nxf4 exf4 12. Bxf4 Bxf4 13. Rxf4 Qg5 14. g3 Nd7 15.
Nd2 Ne5 16. Nf3 Qh5 17. Nxe5 Qxe5 18. Rb1 Bd7 19. Qf3 b5 20. b3 b4 21. Kg2 a5
22. Rf1 f6 23. h4 a4 24. h5 h6 25. Bc2 axb3 26. Bxb3 Rfe8 27. Rf2 Qg5 28. Rh4
Re5 29. Qd3 Rae8 30. Bd1 Ra8 31. Bf3 Ra3 32. Qd2 Rc3 33. Qxg5 fxg5 34. Rh1 Rxc4
35. Rhf1 Re8 36. Be2 Rc2 37. Bd3 Rxf2+ 38. Rxf2 Re5 39. Rf3 Bg4 40. Rf2 Bxh5
41. Rf5 Rxf5 42. exf5 Kf7 43. Kh3 Bf3 44. Bc4 h5 0-1

[Event "OL 2013/14"]
[Site "?"]
[Date "2014.04.05"]
[Round "1.3"]
[White "Flecker, Wolfgang"]
[Black "Schmied, Horst"]
[Result "1/2-1/2"]
[WhiteElo "1962"]
[BlackElo "1732"]
[PlyCount "80"]
[EventDate "2014.04.05"]
[EventType "team"]
[EventRounds "9"]
[EventCountry "AUT"]
[SourceDate "2014.04.05"]
[WhiteTeam "Liezen X"]
[BlackTeam "Kindberg VII"]
[WhiteTeamCountry "AUT"]
[BlackTeamCountry "AUT"]

1. e4 c5 2. Nc3 Nc6 3. g3 g6 4. d3 Bg7 5. Bg2 d6 6. f4 e5 7. Nf3 Nd4 8. Be3 Bg4
9. O-O Nxf3+ 10. Bxf3 Bxf3 11. Rxf3 Ne7 12. f5 f6 13. Qd2 Qd7 14. Raf1 O-O-O
15. Ne2 gxf5 16. exf5 h5 17. c3 h4 18. g4 Nd5 19. Bf2 Bh6 20. Qe1 Nf4 21. Nxf4
Bxf4 22. h3 Qc6 23. Bxh4 Rh6 24. Rxf4 exf4 25. Rxf4 Rdh8 26. Bg3 Rxh3 27. Kf2
Re8 28. Re4 Rxe4 29. dxe4 Qb5 30. Kg2 Rh7 31. Qd2 Qc6 32. Kf3 Rd7 33. Qh6 d5
34. e5 d4+ 35. Kf2 d3 36. Bf4 c4 37. e6 Qb6+ 38. Kf3 Qc6+ 39. Kg3 Rd8 40. Bd2
Qd6+ 1/2-1/2

[Event "OL 2013/14"]
[Site "?"]
[Date "2014.04.05"]
[Round "1.4"]
[White "Pieber, Richard"]
[Black "Reiter, Peter"]
[Result "1/2-1/2"]
[WhiteElo "1641"]
[BlackElo "1891"]
[PlyCount "71"]
[EventDate "2014.04.05"]
[EventType "team"]
[EventRounds "9"]
[EventCountry "AUT"]
[SourceDate "2014.04.05"]
[WhiteTeam "Kindberg VII"]
[BlackTeam "Liezen X"]
[WhiteTeamCountry "AUT"]
[BlackTeamCountry "AUT"]

1. d4 d5 2. Nf3 Nf6 3. Bf4 Bf5 4. e3 e6 5. c4 c6 6. Nc3 a6 7. cxd5 exd5 8. Be2
Be7 9. O-O O-O 10. Rc1 Nbd7 11. a3 Bg6 12. Qb3 Qb6 13. Qxb6 Nxb6 14. Ne5 Bh5
15. Bd3 Nbd7 16. Na4 Nxe5 17. Bxe5 Nd7 18. Bg3 Bg6 19. Bxg6 hxg6 20. b4 f5 21.
Nc5 Bxc5 22. bxc5 Nf6 23. f3 Rae8 24. Kf2 Rf7 25. Rb1 Ree7 26. Rb3 g5 27. Be5
Rd7 28. Bxf6 gxf6 29. Kg3 Kg7 30. h4 Kg6 31. Kh3 Rh7 32. g3 Rde7 33. Rh1 gxh4
34. gxh4 f4 35. Re1 Kf5 36. Re2 1/2-1/2

[Event "OL 2013/14"]
[Site "?"]
[Date "2014.04.05"]
[Round "1.5"]
[White "Pölsler, Ingolf"]
[Black "Fasching, Karl"]
[Result "1-0"]
[WhiteElo "1809"]
[BlackElo "1615"]
[PlyCount "170"]
[EventDate "2014.04.05"]
[EventType "team"]
[EventRounds "9"]
[EventCountry "AUT"]
[SourceDate "2014.04.05"]
[WhiteTeam "Liezen X"]
[BlackTeam "Kindberg VII"]
[WhiteTeamCountry "AUT"]
[BlackTeamCountry "AUT"]

1. d4 d5 2. c4 dxc4 3. Nf3 Nf6 4. e3 e6 5. Bxc4 a6 6. O-O b5 7. Bd3 Bb7 8. a3
c5 9. dxc5 Bxc5 10. b4 Be7 11. Bb2 O-O 12. Qe2 Nbd7 13. Rd1 Qb8 14. Nbd2 Nd5
15. Nb3 N5b6 16. Rac1 Bf6 17. Bxf6 Nxf6 18. Nc5 Nbd5 19. Ng5 h6 20. Nge4 Bc6
21. Nxf6+ Nxf6 22. f3 Rc8 23. Bb1 Qe5 24. e4 Be8 25. Qf2 Qc7 26. Qe3 Qe5 27.
Qf2 Qc7 28. Nd3 Qb7 29. Nc5 Qc7 30. Qb2 Rd8 31. Nd3 Qb6+ 32. Kf1 Qe3 33. Qe2
Qb6 34. e5 Nd5 35. Nc5 Nf4 36. Qc2 g6 37. Ne4 Kg7 38. Nd6 Nd5 39. Re1 Ne3+ 40.
Rxe3 Qxe3 41. Re1 Qf4 42. Kg1 Rxd6 43. exd6 Qxd6 44. Rd1 Qc6 45. Qb2+ Kg8 46.
Qd4 Rb8 47. h4 Qb6 48. Kf2 Qxd4+ 49. Rxd4 Rb6 50. Ke3 Kf8 51. Be4 Ke7 52. g4
Rd6 53. Rxd6 Kxd6 54. Bb7 Bc6 55. Bxa6 f6 56. f4 f5 57. g5 hxg5 58. hxg5 Bd7
59. Bb7 e5 60. Bg2 exf4+ 61. Kxf4 Bc6 62. Bxc6 Kxc6 63. Ke5 Kb6 64. Kd5 Kc7 65.
Kc5 Kd7 66. Kxb5 Kd6 67. Kc4 Ke5 68. b5 Kd6 69. a4 Kc7 70. a5 Kb7 71. Kc5 Kb8
72. b6 Kb7 73. Kb5 Kb8 74. a6 f4 75. Kc4 f3 76. Kd3 f2 77. Ke2 f1=Q+ 78. Kxf1
Kc8 79. Ke2 Kb8 80. Kd3 Ka8 81. Kd4 Kb8 82. Kd5 Kc8 83. Kc6 Kb8 84. b7 Ka7 85.
Kc7 Kxa6 1-0

[Event "OL 2013/14"]
[Site "?"]
[Date "2014.04.05"]
[Round "1.6"]
[White "Pieber, Philipp"]
[Black "Dietl, August"]
[Result "1/2-1/2"]
[WhiteElo "1332"]
[BlackElo "1721"]
[PlyCount "74"]
[EventDate "2014.04.05"]
[EventType "team"]
[EventRounds "9"]
[EventCountry "AUT"]
[SourceDate "2014.04.05"]
[WhiteTeam "Kindberg VII"]
[BlackTeam "Liezen X"]
[WhiteTeamCountry "AUT"]
[BlackTeamCountry "AUT"]

1. d4 d5 2. Nf3 e6 3. Bf4 Bd6 4. Bxd6 Qxd6 5. Nbd2 Nf6 6. e3 O-O 7. Be2 b6 8.
O-O Bb7 9. c3 Nbd7 10. b4 a5 11. bxa5 Rxa5 12. Qb3 Rfa8 13. Nb1 h6 14. Nfd2 c5
15. c4 cxd4 16. exd4 dxc4 17. Nxc4 Bd5 18. Nxd6 Bxb3 19. a3 Bd5 20. Rc1 Ra4 21.
Nb5 g6 22. N1c3 R4a5 23. Nxd5 Nxd5 24. Nc7 Rc8 25. Nb5 Raa8 26. Bf3 N7f6 27.
Nc7 Ra5 28. Nxd5 Rxc1+ 29. Rxc1 Nxd5 30. Bxd5 Rxd5 31. Rc4 Ra5 32. Rc3 Rd5 33.
Rc4 e5 34. Kf1 e4 35. Ke2 Ra5 36. a4 b5 37. axb5 Rxb5 1/2-1/2

[Event "OL 2013/14"]
[Site "?"]
[Date "2014.04.05"]
[Round "1.7"]
[White "Eberdorfer, Wolfgang"]
[Black "Hinterplattner, Barbara"]
[Result "1-0"]
[WhiteElo "1642"]
[BlackElo "1232"]
[PlyCount "141"]
[EventDate "2014.04.05"]
[EventType "team"]
[EventRounds "9"]
[EventCountry "AUT"]
[SourceDate "2014.04.05"]
[WhiteTeam "Liezen X"]
[BlackTeam "Kindberg VII"]
[WhiteTeamCountry "AUT"]
[BlackTeamCountry "AUT"]

1. d4 d5 2. c4 c6 3. Nf3 Nf6 4. Nc3 Bf5 5. cxd5 Nxd5 6. Qb3 Nb6 7. e4 Bg6 8.
Be3 e6 9. Be2 Be7 10. O-O N8d7 11. Rad1 O-O 12. a4 Qc7 13. Rc1 Nf6 14. Nd2 Rfd8
15. f4 Bh5 16. Bxh5 Nxh5 17. f5 exf5 18. Rxf5 Nf6 19. Qd1 Rf8 20. Qf3 Bd8 21.
Rf1 Qe7 22. Bg5 Qe6 23. a5 Nbd7 24. e5 Ne8 25. Bxd8 Rxd8 26. Nce4 h6 27. Qb3
Qxb3 28. Nxb3 g6 29. R5f3 Kg7 30. Rd3 Nxe5 31. Re3 Nc4 32. Re2 Ncd6 33. Nec5
Nc7 34. Re7 Ndb5 35. Nxb7 Rb8 36. N7c5 Nd5 37. Rd7 Nbc7 38. Re1 Rfe8 39. Rxe8
Rxe8 40. Kf2 Nb5 41. Nd3 Re3 42. Ndc5 Re7 43. Rxe7 Nxe7 44. Ke3 Nf5+ 45. Ke4
Kf6 46. Nd3 Ke6 47. Nf4+ Kd6 48. g4 Ng7 49. Nc5 g5 50. Ne2 Ne6 51. Nxe6 Kxe6
52. Nc3 Nd6+ 53. Kd3 f5 54. gxf5+ Kxf5 55. b4 Kf4 56. d5 cxd5 57. Kd4 g4 58.
Kxd5 Nc8 59. Kc6 g3 60. Ne2+ Kg4 61. Nxg3 Kh3 62. Kb7 Nd6+ 63. Kxa7 Kxh2 64.
Nh5 Kh3 65. Kb6 Kh4 66. Ng7 Kg4 67. a6 Nc8+ 68. Kb7 Nd6+ 69. Kb8 Nb5 70. a7
Nxa7 71. Kxa7 1-0

[Event "OL 2013/14"]
[Site "?"]
[Date "2014.04.05"]
[Round "2.1"]
[White "Schantl, Peter"]
[Black "Almer, Gerald"]
[Result "0-1"]
[WhiteElo "2053"]
[BlackElo "2130"]
[PlyCount "52"]
[EventDate "2014.04.05"]
[EventType "team"]
[EventRounds "9"]
[EventCountry "AUT"]
[SourceDate "2014.04.05"]
[WhiteTeam "Fohnsdorf IV"]
[BlackTeam "Krieglach III"]
[WhiteTeamCountry "AUT"]
[BlackTeamCountry "AUT"]

1. c4 e5 2. g3 g6 3. Bg2 Bg7 4. Nc3 Nc6 5. e4 Nf6 6. Nge2 O-O 7. O-O d6 8. d3
a6 9. Bg5 h6 10. Be3 Rb8 11. Nd5 Nxd5 12. cxd5 Ne7 13. Qd2 Kh7 14. Rac1 c6 15.
d4 cxd5 16. exd5 Nf5 17. dxe5 Nxe3 18. Qxe3 Bxe5 19. b4 Bd7 20. Nc3 Re8 21. Qd2
Qb6 22. a3 Rbc8 23. h3 Bxg3 24. Kh1 Be5 25. f4 Bd4 26. Rfe1 Be3 0-1

[Event "OL 2013/14"]
[Site "?"]
[Date "2014.04.05"]
[Round "2.2"]
[White "Krumphals, Friedrich"]
[Black "Lechner, Josef"]
[Result "1-0"]
[WhiteElo "2131"]
[BlackElo "1874"]
[PlyCount "51"]
[EventDate "2014.04.05"]
[EventType "team"]
[EventRounds "9"]
[EventCountry "AUT"]
[SourceDate "2014.04.05"]
[WhiteTeam "Krieglach III"]
[BlackTeam "Fohnsdorf IV"]
[WhiteTeamCountry "AUT"]
[BlackTeamCountry "AUT"]

1. c4 c5 2. Nc3 Nf6 3. Nf3 d6 4. d4 cxd4 5. Nxd4 Nc6 6. e4 g6 7. Be2 Bg7 8. Nc2
Be6 9. O-O O-O 10. Be3 Ne5 11. b3 Qc8 12. f3 Nc6 13. Qd2 a6 14. Rac1 Re8 15.
Kh1 Nd7 16. Rfd1 b6 17. Nd5 Qb7 18. Nf4 Nf8 19. Na3 Rab8 20. Nb1 Kh8 21. Nc3
Bc8 22. Nfd5 Nd7 23. Na4 b5 24. cxb5 axb5 25. Bxb5 Nde5 26. Ndb6 1-0

[Event "OL 2013/14"]
[Site "?"]
[Date "2014.04.05"]
[Round "2.3"]
[White "Fontanive, Gerhard"]
[Black "Rattinger, Friedrich"]
[Result "1/2-1/2"]
[WhiteElo "1921"]
[BlackElo "2076"]
[PlyCount "34"]
[EventDate "2014.04.05"]
[EventType "team"]
[EventRounds "9"]
[EventCountry "AUT"]
[SourceDate "2014.04.05"]
[WhiteTeam "Fohnsdorf IV"]
[BlackTeam "Krieglach III"]
[WhiteTeamCountry "AUT"]
[BlackTeamCountry "AUT"]

1. e4 g6 2. d4 Bg7 3. Be3 c5 4. c3 cxd4 5. cxd4 d5 6. e5 Nc6 7. Qd2 h5 8. Bd3
Nh6 9. Ne2 Nf5 10. Bxf5 Bxf5 11. Ng3 Bxb1 12. Rxb1 h4 13. Ne2 h3 14. g3 e6 15.
O-O Na5 16. b3 f6 17. Rfc1 Bf8 1/2-1/2

[Event "OL 2013/14"]
[Site "?"]
[Date "2014.04.05"]
[Round "2.4"]
[White "Hofbauer, Karl"]
[Black "Martetschläger, Arno"]
[Result "1/2-1/2"]
[WhiteElo "1992"]
[BlackElo "1816"]
[PlyCount "44"]
[EventDate "2014.04.05"]
[EventType "team"]
[EventRounds "9"]
[EventCountry "AUT"]
[SourceDate "2014.04.05"]
[WhiteTeam "Krieglach III"]
[BlackTeam "Fohnsdorf IV"]
[WhiteTeamCountry "AUT"]
[BlackTeamCountry "AUT"]

1. d4 Nf6 2. Nf3 e6 3. e3 d5 4. Bd3 Nbd7 5. Nbd2 c5 6. b3 cxd4 7. exd4 Bd6 8.
Bb2 O-O 9. O-O a6 10. Ne5 Qc7 11. Qe2 Re8 12. a3 b6 13. Kh1 Nf8 14. c4 Bb7 15.
f4 N6d7 16. Rac1 Qb8 17. Bxh7+ Nxh7 18. Nxd7 Qd8 19. Ne5 Qe7 20. c5 bxc5 21.
dxc5 Bxc5 22. b4 Bd6 1/2-1/2

[Event "OL 2013/14"]
[Site "?"]
[Date "2014.04.05"]
[Round "2.5"]
[White "Ammer , Manuel"]
[Black "Rattinger, Thomas"]
[Result "0-1"]
[WhiteElo "1776"]
[BlackElo "1900"]
[PlyCount "103"]
[EventDate "2014.04.05"]
[EventType "team"]
[EventRounds "9"]
[EventCountry "AUT"]
[SourceDate "2014.04.05"]
[WhiteTeam "Fohnsdorf IV"]
[BlackTeam "Krieglach III"]
[WhiteTeamCountry "AUT"]
[BlackTeamCountry "AUT"]

1. e4 c5 2. Nc3 Nc6 3. g3 g6 4. Bg2 Bg7 5. d3 e6 6. f4 Nge7 7. Nf3 O-O 8. Be3
Nd4 9. O-O d5 10. Bf2 Rb8 11. e5 Nxf3+ 12. Bxf3 Qa5 13. g4 Bd7 14. g5 Rfc8 15.
h4 b5 16. h5 b4 17. Ne2 c4 18. d4 Qc7 19. Kg2 a5 20. Be1 a4 21. c3 bxc3 22.
bxc3 Qb6 23. Bd2 Qb2 24. Rh1 a3 25. Be3 Nf5 26. Bf2 Qb7 27. hxg6 hxg6 28. Rh3
Kf8 29. Qg1 Ke7 30. Bg4 Rh8 31. Rxh8 Bxh8 32. Bxf5 exf5 33. Be3 Ba4 34. Bc1 Bc2
35. Bxa3+ Ke6 36. Bb4 Bg7 37. Qc1 Be4+ 38. Kg3 Bf8 39. a3 Be7 40. Qd2 Ra8 41.
Ng1 Rh8 42. Nh3 Rh5 43. Bxe7 Kxe7 44. Nf2 Qb8 45. Nxe4 fxe4 46. a4 Qh8 47. Qg2
Rh4 48. Re1 Qh5 49. a5 Rg4+ 50. Kf2 Qh4+ 51. Kg1 Rxg2+ 52. Kxg2 0-1

[Event "OL 2013/14"]
[Site "?"]
[Date "2014.04.05"]
[Round "2.6"]
[White "Krumphals, Alfred"]
[Black "Tschreppl, Daniel"]
[Result "1-0"]
[WhiteElo "1869"]
[BlackElo "1725"]
[PlyCount "93"]
[EventDate "2014.04.05"]
[EventType "team"]
[EventRounds "9"]
[EventCountry "AUT"]
[SourceDate "2014.04.05"]
[WhiteTeam "Krieglach III"]
[BlackTeam "Fohnsdorf IV"]
[WhiteTeamCountry "AUT"]
[BlackTeamCountry "AUT"]

1. c4 e6 2. Nc3 d5 3. cxd5 exd5 4. d4 c6 5. Nf3 Bd6 6. g3 Nf6 7. Bg2 Be6 8. O-O
O-O 9. h3 Nbd7 10. Kh2 Re8 11. a3 h6 12. b4 Ne4 13. Bb2 a5 14. bxa5 Rxa5 15.
Nxe4 dxe4 16. Nd2 Bd5 17. Qc2 Qe7 18. e3 f5 19. Nc4 Bxc4 20. Qxc4+ Qe6 21.
Qxe6+ Rxe6 22. Rfb1 Nf6 23. Bc1 Ra7 24. a4 Re8 25. Bd2 Rea8 26. Bf1 b5 27. Rc1
Ra6 28. Rc2 Rxa4 29. Rxa4 Rxa4 30. Rxc6 Ra2 31. Rxd6 Rxd2 32. Kg2 b4 33. Rb6
Rb2 34. Rb5 g6 35. Bc4+ Kg7 36. Rb7+ Kh8 37. Rf7 Nh5 38. g4 Ng7 39. Kg3 h5 40.
Rf6 Rc2 41. Bf7 Rc7 42. Bxg6 Kg8 43. Rb6 Kf8 44. Rxb4 hxg4 45. hxg4 fxg4 46.
Kxg4 Rc2 47. Kg3 1-0

[Event "OL 2013/14"]
[Site "?"]
[Date "2014.04.05"]
[Round "2.7"]
[White "Moser, Christoph"]
[Black "Radl, Guenther"]
[Result "1/2-1/2"]
[WhiteElo "1678"]
[BlackElo "1819"]
[PlyCount "78"]
[EventDate "2014.04.05"]
[EventType "team"]
[EventRounds "9"]
[EventCountry "AUT"]
[SourceDate "2014.04.05"]
[WhiteTeam "Fohnsdorf IV"]
[BlackTeam "Krieglach III"]
[WhiteTeamCountry "AUT"]
[BlackTeamCountry "AUT"]

1. Nf3 Nf6 2. b3 g6 3. Bb2 Bg7 4. e3 O-O 5. d4 d5 6. c4 c6 7. Be2 Bg4 8. h3
Bxf3 9. Bxf3 e6 10. O-O Nbd7 11. Nd2 Re8 12. Qc2 Rc8 13. Rfe1 Qa5 14. Qc3 Qxc3
15. Bxc3 Bf8 16. c5 e5 17. dxe5 Nxe5 18. Bxe5 Rxe5 19. b4 Rce8 20. Kf1 Bh6 21.
Nb3 Ne4 22. Bxe4 Rxe4 23. Nd4 Bg7 24. Rad1 f5 25. Rd3 f4 26. a3 fxe3 27. fxe3
Bf6 28. Nf3 Kg7 29. Re2 h5 30. Ke1 g5 31. Kd2 Kg6 32. Nh2 g4 33. hxg4 hxg4 34.
Nf1 Bg5 35. Ng3 R4e6 36. Nf1 R8e7 37. Rd4 Re4 38. Kd3 Rxd4+ 39. Kxd4 Rf7
1/2-1/2

[Event "OL 2013/14"]
[Site "?"]
[Date "2014.04.05"]
[Round "3.1"]
[White "Wagner, Oliver"]
[Black "Zechner, Heinz"]
[Result "1-0"]
[WhiteElo "1957"]
[BlackElo "1860"]
[PlyCount "81"]
[EventDate "2014.04.05"]
[EventType "team"]
[EventRounds "9"]
[EventCountry "AUT"]
[SourceDate "2014.04.05"]
[WhiteTeam "Leoben V"]
[BlackTeam "Kapfenberg"]
[WhiteTeamCountry "AUT"]
[BlackTeamCountry "AUT"]

1. d4 d5 2. Nf3 Nf6 3. e3 Bf5 4. c4 c6 5. Nc3 e6 6. cxd5 exd5 7. Bd3 Bg6 8. Ne5
Bd6 9. f4 Bxd3 10. Qxd3 Nbd7 11. O-O Qe7 12. Bd2 h5 13. a3 a5 14. Rf3 O-O-O 15.
Na4 Bc7 16. b4 Ne4 17. bxa5 Nxd2 18. Qxd2 Nxe5 19. fxe5 Kd7 20. Nc5+ Ke8 21.
Nxb7 Rb8 22. a6 Ra8 23. Qd3 Rh6 24. Raf1 f6 25. exf6 gxf6 26. Rc1 Qe6 27. Rg3
Bxg3 28. hxg3 f5 29. Rf1 Qe4 30. Qxe4+ fxe4 31. Nc5 Ke7 32. Rb1 Kf6 33. Rb7 Kg6
34. Rc7 Kg5 35. a4 Rg6 36. a7 Kg4 37. Nd7 Kxg3 38. Nb6 Rgg8 39. Nxa8 Rxa8 40.
Rg7+ Kh4 41. Kh2 1-0

[Event "OL 2013/14"]
[Site "?"]
[Date "2014.04.05"]
[Round "3.2"]
[White "Fischer, Karl"]
[Black "Rauchlahner, Robert"]
[Result "1/2-1/2"]
[WhiteElo "1907"]
[BlackElo "1909"]
[PlyCount "54"]
[EventDate "2014.04.05"]
[EventType "team"]
[EventRounds "9"]
[EventCountry "AUT"]
[SourceDate "2014.04.05"]
[WhiteTeam "Kapfenberg"]
[BlackTeam "Leoben V"]
[WhiteTeamCountry "AUT"]
[BlackTeamCountry "AUT"]

1. e4 c5 2. c3 g6 3. d4 cxd4 4. cxd4 Bg7 5. Nf3 d6 6. Bb5+ Nd7 7. Nc3 Nh6 8.
O-O O-O 9. Re1 a6 10. Bc4 b5 11. Bb3 Nb6 12. h3 Bd7 13. Bg5 Kh8 14. Nd5 f6 15.
Nxb6 Qxb6 16. Be3 Rac8 17. Qd2 Ng8 18. e5 fxe5 19. dxe5 Qd8 20. Ng5 Nh6 21. Ne6
Bxe6 22. Bxe6 Nf5 23. Bxc8 Qxc8 24. exd6 exd6 25. g4 Nh4 26. Qd5 Nf3+ 27. Kg2
Nxe1+ 1/2-1/2

[Event "OL 2013/14"]
[Site "?"]
[Date "2014.04.05"]
[Round "5.3"]
[White "Hellinger, Manfred"]
[Black "Völkl, Georg"]
[Result "1/2-1/2"]
[WhiteElo "1804"]
[BlackElo "1780"]
[PlyCount "35"]
[EventDate "2014.04.05"]
[EventType "team"]
[EventRounds "9"]
[EventCountry "AUT"]
[SourceDate "2014.04.05"]
[WhiteTeam "Leoben V"]
[BlackTeam "Kapfenberg"]
[WhiteTeamCountry "AUT"]
[BlackTeamCountry "AUT"]

1. d4 d5 2. c4 dxc4 3. e3 Nf6 4. Bxc4 e6 5. Nf3 c5 6. O-O Be7 7. Nc3 O-O 8. b3
Nc6 9. dxc5 Bxc5 10. Bb2 Qe7 11. a3 a6 12. b4 Ba7 13. Qe2 b5 14. Bb3 Bb7 15.
Rfd1 Rfd8 16. Rxd8+ Rxd8 17. Rd1 h6 18. h3 1/2-1/2

[Event "OL 2013/14"]
[Site "?"]
[Date "2014.04.05"]
[Round "3.4"]
[White "Antenreiter, Martin"]
[Black "Bachler, Wilhelm"]
[Result "0-1"]
[WhiteElo "1697"]
[BlackElo "1883"]
[PlyCount "80"]
[EventDate "2014.04.05"]
[EventType "team"]
[EventRounds "9"]
[EventCountry "AUT"]
[SourceDate "2014.04.05"]
[WhiteTeam "Kapfenberg"]
[BlackTeam "Leoben V"]
[WhiteTeamCountry "AUT"]
[BlackTeamCountry "AUT"]

1. c4 f5 2. g3 Nf6 3. Bg2 g6 4. e3 Bg7 5. Ne2 c5 6. Nbc3 Nc6 7. a3 O-O 8. Rb1
Rb8 9. b4 cxb4 10. axb4 b6 11. O-O Bb7 12. f4 Qc8 13. d3 Nd8 14. Bxb7 Qxb7 15.
b5 Ne6 16. Bd2 Nc5 17. Qc2 Rbc8 18. Na4 Ne6 19. Qa2 Kh8 20. Nec3 Rfd8 21. Ra1
Rc7 22. h3 d5 23. d4 dxc4 24. Nb2 Rdc8 25. Qa6 Qa8 26. Nba4 Qb8 27. Ra3 Ne8 28.
Nd5 Rb7 29. Nac3 N8c7 30. Qa4 Nxd5 31. Nxd5 Qd6 32. Nb4 Nc7 33. Rc1 Nd5 34. Nc6
c3 35. Bxc3 Rbc7 36. Bb2 h6 37. Qb3 a5 38. Kf2 e6 39. Qa4 Nf6 40. Rac3 Ne4+ 0-1

[Event "OL 2013/14"]
[Site "?"]
[Date "2014.04.05"]
[Round "3.5"]
[White "Höllen, Daniel"]
[Black "Bürgstein, Matthias"]
[Result "1/2-1/2"]
[WhiteElo "1817"]
[BlackElo "1650"]
[PlyCount "84"]
[EventDate "2014.04.05"]
[EventType "team"]
[EventRounds "9"]
[EventCountry "AUT"]
[SourceDate "2014.04.05"]
[WhiteTeam "Leoben V"]
[BlackTeam "Kapfenberg"]
[WhiteTeamCountry "AUT"]
[BlackTeamCountry "AUT"]

1. e4 g6 2. d4 Bg7 3. Nc3 d6 4. Be3 Nf6 5. f3 O-O 6. Qd2 Nc6 7. O-O-O e5 8. d5
Ne7 9. Bh6 Ne8 10. h4 f5 11. h5 f4 12. hxg6 Nxg6 13. Bxg7 Kxg7 14. Nge2 Nh4 15.
Qe1 Ng6 16. Qf2 a6 17. Qg1 Qg5 18. Qh2 Nf6 19. Ng1 h5 20. Nh3 Qh6 21. Bd3 h4
22. Rde1 Nh5 23. Rhf1 Ng3 24. Rf2 Rh8 25. Nd1 Bd7 26. c4 Kf6 27. Rc2 Qf8 28.
Ndf2 Re8 29. Ng4+ Kg7 30. Kb1 Re7 31. Rec1 b6 32. Qg1 Rf7 33. Nhf2 a5 34. Qe1
Bxg4 35. Nxg4 h3 36. gxh3 Rxh3 37. Qc3 Qe7 38. Rh2 Rxh2 39. Nxh2 Rf8 40. Ng4
Nh4 41. Bf1 Rh8 42. Nf2 Ng6 1/2-1/2

[Event "OL 2013/14"]
[Site "?"]
[Date "2014.04.05"]
[Round "3.6"]
[White "Köck, Manfred"]
[Black "Haiden, Guenter"]
[Result "1-0"]
[WhiteElo "1673"]
[BlackElo "1801"]
[PlyCount "82"]
[EventDate "2014.04.05"]
[EventType "team"]
[EventRounds "9"]
[EventCountry "AUT"]
[SourceDate "2014.04.05"]
[WhiteTeam "Kapfenberg"]
[BlackTeam "Leoben V"]
[WhiteTeamCountry "AUT"]
[BlackTeamCountry "AUT"]

1. e4 c5 2. Nf3 Nc6 3. d4 cxd4 4. Nxd4 a6 5. c4 Qc7 6. Nc3 e6 7. Be2 Be7 8. O-O
Nxd4 9. Qxd4 Bf6 10. Qd3 Ne7 11. f4 d6 12. a3 Bd7 13. Be3 O-O 14. b4 Ng6 15.
Rad1 Rfd8 16. Qc2 Rac8 17. Na4 Bxa4 18. Qxa4 Qc6 19. Qxc6 bxc6 20. Rd2 Be7 21.
Rfd1 Rb8 22. b5 axb5 23. cxb5 cxb5 24. Rb1 Ra8 25. Rxb5 Rxa3 26. Kf2 h6 27. Rb7
Bf8 28. Rc2 d5 29. Bb6 Re8 30. Rcc7 Nh8 31. Bb5 Rd8 32. Rc2 Rda8 33. exd5 exd5
34. Bc6 Ra2 35. Rxa2 Rxa2+ 36. Kf3 Ra3+ 37. Kg4 Rd3 38. Rd7 Rb3 39. Bc7 Kh7 40.
Rxd5 Rb2 41. h4 Rd2 1-0

[Event "OL 2013/14"]
[Site "?"]
[Date "2014.04.05"]
[Round "3.7"]
[White "Reiter, Siegfried"]
[Black "Graf, Norbert"]
[Result "1-0"]
[WhiteElo "1502"]
[BlackElo "1450"]
[PlyCount "77"]
[EventDate "2014.04.05"]
[EventType "team"]
[EventRounds "9"]
[EventCountry "AUT"]
[SourceDate "2014.04.05"]
[WhiteTeam "Leoben V"]
[BlackTeam "Kapfenberg"]
[WhiteTeamCountry "AUT"]
[BlackTeamCountry "AUT"]

1. d4 d6 2. Nf3 Nc6 3. e3 Bf5 4. Nbd2 Nf6 5. c3 a6 6. Nh4 Bd7 7. e4 e5 8. Nhf3
Qe7 9. d5 Na7 10. c4 h6 11. Be2 c6 12. a4 g5 13. h3 Qd8 14. Qc2 Qb6 15. O-O g4
16. hxg4 Bxg4 17. Ra3 Rg8 18. Nb3 Bh3 19. Nh4 Qd8 20. Qd3 Bg4 21. Bxg4 Nxg4 22.
Nf5 h5 23. Qh3 Nf6 24. Re1 Qb6 25. Bd2 Rg4 26. Be3 Qb4 27. Nd2 Qxb2 28. Rb3 Qc2
29. Rxb7 c5 30. Reb1 Nc8 31. Rc7 Rxe4 32. Rbb7 Rg4 33. Rxf7 Qxf5 34. f3 Ne7 35.
fxg4 Qg6 36. Rxf6 Qxf6 37. gxh5 Nf5 38. h6 Rd8 39. Qh5+ 1-0

[Event "OL 2013/14"]
[Site "?"]
[Date "2014.04.05"]
[Round "4.1"]
[White "Schwarhofer, Christopher"]
[Black "Süss, Werner"]
[Result "1-0"]
[WhiteElo "2277"]
[BlackElo "2051"]
[PlyCount "79"]
[EventDate "2014.04.05"]
[EventType "team"]
[EventRounds "9"]
[EventCountry "AUT"]
[SourceDate "2014.04.05"]
[WhiteTeam "Horn Union Ratten IX"]
[BlackTeam "Irdning VI"]
[WhiteTeamCountry "AUT"]
[BlackTeamCountry "AUT"]

1. e4 Nf6 2. e5 Nd5 3. d4 d6 4. c4 Nb6 5. exd6 cxd6 6. Nf3 g6 7. Nc3 Bg7 8. Be2
O-O 9. Be3 Nc6 10. Qd2 Bg4 11. b3 d5 12. c5 Nd7 13. h3 Bxf3 14. Bxf3 Nxc5 15.
Rd1 Ne6 16. Bxd5 Nexd4 17. Bxd4 Nxd4 18. Bxb7 Rb8 19. Be4 Rc8 20. Ne2 e5 21.
O-O Qb6 22. Nxd4 exd4 23. Bd5 Qc5 24. Bc4 Rfe8 25. Qf4 Re7 26. Rc1 Qc7 27.
Bxf7+ Rxf7 28. Rxc7 Rcxc7 29. Qd6 Bf6 30. Re1 Kg7 31. Re6 Rc1+ 32. Kh2 Rc2 33.
f3 Rxa2 34. Re8 Rc2 35. Qb8 d3 36. Rg8+ Kh6 37. Qf4+ g5 38. Qf5 Rc1 39. f4 g4
40. hxg4 1-0